Statistics for Countries With The Highest Median Income Per Month

Click here to take the quiz!

General Stats

  • This quiz has been taken 45 times
  • The average score is 40 of 50

Answer Stats

IncomeCountry% Correct
$17,430United States
100%
$13,610United Kingdom
97%
$19,300Canada
95%
$10,650Spain
95%
$17,010Australia
92%
$16,370Finland
92%
$14,790France
92%
$16,840Germany
92%
$17,070Sweden
92%
$22,680Switzerland
92%
$24,290United Arab Emirates
92%
$14,540Ireland
89%
$11,770Italy
89%
$26,320Luxembourg
89%
$16,330New Zealand
89%
$21,490Norway
89%
$25,450Qatar
89%
$16,140Belgium
87%
$18,400Denmark
87%
$14,250Japan
87%
$8,270Poland
87%
$5,370Russia
84%
$18,650Austria
82%
$10,860Estonia
82%
$6,290Greece
82%
$7,990Latvia
82%
$17,700Netherlands
82%
$13,050Slovenia
82%
$9,560Czech Republic
79%
$7,710Portugal
79%
$7,970Slovakia
79%
$11,880South Korea
79%
$5,510Argentina
76%
$7,520Croatia
76%
$8,890Lithuania
76%
$5,260Romania
74%
$5,320Brazil
71%
$17,150Iceland
71%
$7,120Chile
68%
$7,200Hungary
68%
$14,520Malta
68%
$13,180Taiwan
68%
$8,430Israel
63%
$7,680Uruguay
63%
$5,410Turkey
61%
$5,700Bulgaria
58%
$12,510Cyprus
53%
$6,830Malaysia
50%
$6,100Costa Rica
45%
$6,250Panama
45%

Score Distribution

Percentile by Number Answered

Percent of People with Each Score

Your Score History

You have not taken this quiz